000 00282nam a22001337a 4500
008 170808b xxu||||| |||| 00| 0 eng d
020 _a9780789726384
041 _aeng
080 _a004
100 _a35
101 _aSHK
245 _aOUTLOOK 2002
_cHABRAKEN,J
942 _2udc
_cBK
999 _c22908
_d22908